Films de A à Z - Statistiques

Statistiques générales
  • Ce quiz a été pris 7 246 fois
  • Le résultat moyen est 10 sur 26
Statistiques - réponses
Lettre Questions Réponses % Correct
A Il est devenu Dark Vador dans Star Wars Anakin Skywalker
93%
E Personnage aux mains d'argent incarné par Johnny Depp Edward
80%
F La première règle, c'est qu'il est interdit d'en parler. La seconde aussi. Fight Club
73%
I Un rêve dans un rêve dans un rêve Inception
73%
W Type de film se déroulant aux temps des cow-boys Western
73%
K Petit garçon qui fut oublié chez lui lors du départ pour les vacances de Noël, et qui s'est trompé d'avion dans la suite Kevin McCallister
69%
L Dans Le Seigneur Des Anneaux, c'est le seul elfe membre de la Communauté de l'Anneau Legolas
56%
R Lapin dont quelqu'un veut la peau d'après le titre du film Roger Rabbit
55%
Y Dans ce film, Jim Carrey décide de ne plus dire non Yes Man
51%
D Alain Chabat y joue le rôle d'un chien devenu humain Didier
46%
J Ancien tueur à gages, reprenant du service après qu'on ait tué son chien John Wick
43%
T Film pour lequel Leonardo DiCaprio a enfin obtenu l'Oscar du meilleur acteur The Revenant
43%
N Ville visitée par Le Gendarme dans le second film de la saga New York
34%
M Film de Tim Burton dans lequel des aliens veulent conquérir la Terre Mars Attacks !
29%
X Race extra-terrestre présente dans la saga Alien Xénomorphe
27%
V Jason Voorhees est le tueur de cette saga à partir du second film Vendredi 13
23%
Z Créature emblématique de George Romero Zombie
21%
G Dans Les Stagiaires, entreprise dans laquelle les protagonistes effectuent leur stage Google
18%
B Avec Titanic et Le Seigneur des Anneaux : Le Retour du Roi, film qui détient le record d'Oscars du cinéma Ben-Hur
17%
C Nom que prend Marty McFly dans Retour vers le futur 3 Clint Eastwood
16%
O Treizième opus des aventures de James Bond au cinéma Octopussy
12%
S Premier film de la Blood and Ice Cream Trilogy, ou Trilogie Cornetto Shaun of the Dead
8%
P Démon ayant prit possession de Regan MacNeil dans L'Exorciste Pazuzu
6%
U Film dont un train sans conducteur file à toute allure sur les voies Unstoppable
6%
H Ce film nous donne la réponse à la grande question sur la vie, l'Univers et le reste H2G2 : le guide du voyageur galactique
5%
Q Dans TRON L'Héritage, elle sauve Sam Flynn de la mort lors d'un match de Light Cycle Quorra
2%
Aucun quiz correspondant
Distribution des résultats
% des personnes avec chaque résultat
Percentile par nombre de réponses
Votre historique - résultats
Vous n’avez pas pris ce quiz